000
00281nam a22001337a 4500
008
210607b ||||| |||| 00| 0 eng d
041
_a
eng
080
_a
611
082
_a
611
100
_a
6
101
_a
ANA
245
_a
Anatomy Coloring Book
_c
Wynn Kapit
942
_2
udc
_c
BK
999
_c
58041
_d
58041